Statistics for Countries By Raspberry Production

Click here to take the quiz!

General Stats

  • This quiz has been taken 13 times
  • The average score is 11 of 15

Answer Stats

Countries% Correct
Russia
100%
United States
100%
Canada
92%
Poland
92%
Spain
92%
Germany
83%
United Kingdom
83%
Mexico
75%
Bulgaria
67%
Chile
67%
Serbia
67%
Ukraine
67%
Bosnia and Herzegovina
58%
Portugal
50%
Azerbaijan
25%

Score Distribution

Percentile by Number Answered

Percent of People with Each Score

Your Score History

You have not taken this quiz